000 01464nam a2200361 c 4500
003 BLK
005 20240625161213.0
008 180408b bul|||||r ||||||| ||bul||
010 _aKNG00089155000
040 _aBLK
041 _aBUL
_cBUL
080 _aОбща световна история. История на света
_b930.9
_x(092)(02.062)
_z930.9(092)(02.062)
080 _aБиографии
_b929
_x(100)
_z929(100)
100 1 _aХарис, Джон
_eпърви автор
_9301443
700 1 _aСтоун, Том
_eсъавт.
_9301444
700 1 _aГуевска, Пенка
_eпрев.
_9300502
139 _aХарис, Джон и др.
_bХ 27
245 1 0 _aИстория на големите решения
_bОт древността до наши дни : Кн. 1 -
_cДжон Харис; съавт. Том Стоун; прев. Пенка Гуевска.
_nКн. 1
257 _aBGR
260 София
_bГармонд
_c2009 -
300 _c20 см
380 _a9
500 _aБез сведение за ориг. загл.
650 4 _aИстория, световна
_9261939
653 _aсветовна история
760 1 _aХарис, Джон
_d2009
_h204 с. : със сн.
_tКн. 1
852 _aЦб 243797
856 4 _qpdf
_u
856 4 _qpdf
_u
942 _cKNG
_n0
_010
944 _aCR
_c24.04.2009
_lМинев Младен
_k30530
944 _aED
_c15.05.2009
_lф /
_k
999 _c84569
_d84569